| 000 | 00346nmm a2200145 a 4500 | ||
|---|---|---|---|
| 003 | AR-BaBNM | ||
| 005 | 20251128204012.0 | ||
| 008 | 173119s1931 ||||||||||||||000 | spa|| | ||
| 040 | _cAR-BaBNM | ||
| 110 | 2 | _aReal Academia Española | |
| 245 | 1 | 0 |
_aBoletín _n18 |
| 260 |
_a[S.l.] _bIconografía de Archivos _c1931 |
||
| 942 | _cBK | ||
| 998 | _cRhizi | ||
| 999 |
_c5781 _d5781 |
||